Správa o výsledkoch testovania úrovne organizačnej usporiadanosti Vodohospodárskych stavieb, š.p. čiastkový výstup hlavnej úlohy ŠPEV 903526205

Salvato in:
Dettagli Bibliografici
Autore principale: Húska, Augustín Marián
Altri autori: Muchová, Eva, 1961-, Páleník, L., Wagnerová, Magda
Natura: Libro
Lingua:slovacco
Pubblicazione: Bratislava Ústav ekonomiky a organizácie stavebníctva 1988
Tags: Aggiungi Tag
Nessun Tag, puoi essere il primo ad aggiungerne!!

MARC

LEADER 00000nam$a2200000$$$4500
001 0108249
005 20240502072207.9
041 0 |a slo 
044 |a SK 
245 1 0 |a Správa o výsledkoch testovania úrovne organizačnej usporiadanosti Vodohospodárskych stavieb, š.p.  |b čiastkový výstup hlavnej úlohy ŠPEV 903526205 
264 1 |a Bratislava  |b Ústav ekonomiky a organizácie stavebníctva  |c 1988 
300 |a 85 s. 
100 1 |a Húska, Augustín Marián 
700 1 |a Muchová, Eva, 1961- 
700 1 |a Páleník, L. 
700 1 |a Wagnerová, Magda